Swiss Cantons by Capital city - Statistics

General Stats
  • This quiz has been taken 220 times
  • The average score is 22 of 26
Answer Stats
Capital Canton % Correct
Bern Bern
95%
Genève Genève
94%
Fribourg Fribourg
93%
Luzern Luzern
92%
Zürich Zürich
92%
St.Gallen St.Gallen
91%
Zug Zug
91%
Basel Basel-Stadt
90%
Neuchâtel Neuchâtel
90%
Schwyz Schwyz
90%
Bellinzona Ticino
90%
Aarau Aargau
89%
Glarus Glarus
89%
Schaffhausen Schaffhausen
89%
Solothurn Solothurn
88%
Lausanne Vaud
88%
Chur Graubünden
86%
Sion Valais
86%
Delémont Jura
84%
Altdorf Uri
79%
Frauenfeld Thurgau
75%
Stans Nidwalden
72%
Appenzell Appenzell Innerrhoden
71%
Sarnen Obwalden
71%
Liestal Basel-Landschaft
69%
Herisau Appenzell Ausserrhoden
63%
No matching quizzes found
Score Distribution
Percent of People with Each Score
Percentile by Number Answered
Your Score History
You have not taken this quiz